Alliterative Attributes: Holidays Quiz Stats

 Plays Quiz Updated Sep 2, 2018

Score 0/15 Timer 04:00
7 Plays Today
% Correct
Thanksgiving
93.1%
St. Patrick's Day
90.2%
Pi Day
89.7%
Valentine's Day
89.3%
Labor Day
86.1%
Christmas
85.9%
April Fools' Day
83.2%
Fourth of July
82.2%
% Correct
Talk Like a Pirate Day
80.6%
Guy Fawkes Night
79.2%
Yom Kippur
77.8%
Halloween
77.8%
Festivus
77%
Eid al-Fitr
76.8%
Veterans Day
75.7%

You're not logged in!

Compare scores with friends on all Sporcle quizzes.
OR
Log In

Show Comments

Extras

Top Quizzes Today


Score Distribution

Your Account Isn't Verified!

In order to create a playlist on Sporcle, you need to verify the email address you used during registration. Go to your Sporcle Settings to finish the process.

Report this User

Report this user for behavior that violates our Community Guidelines.

Details: